000 00331nam a2200133Ia 4500
008 240624s9999 xx 000 0 und d
041 _aeng
082 _a100 WAL
100 _aWALSCH NEALE DONALD
245 _aCONVERSATIONS WITH GOD 2
260 _c1997
_aLondon
_bHodder & Stoughton
300 _a263 : p. : cm. ; 19
365 _cRS
999 _c3818
_d3818